El mundo por dentro (Record no. 163517)

MARC details
000 -LEADER
campo de control de longitud fija 01091nam a22002055i 4500
001 - NÚMERO DE CONTROL
campo de control 163517
003 - IDENTIFICADOR DE NÚMERO DE CONTROL
campo de control ES-MaACL
005 - FECHA Y HORA DE LA ÚLTIMA TRANSACCIÓN
campo de control 20251012063055.0
008 - DATOS DE LONGITUD FIJA--INFORMACIÓN GENERAL
campo de control de longitud fija 000214s1863 sp |||| | spa d
040 ## - FUENTE DE CATALOGACIÓN
Centro catalogador/agencia de origen CAM
Lengua de catalogación spa
Centro/agencia transcriptor CAM
100 1# - ENTRADA PRINCIPAL--NOMBRE DE PERSONA
Nombre de persona Rico y Amat, Juan,
Fechas asociadas al nombre 1821-1870
9 (RLIN) 131803
245 13 - MENCIÓN DEL TÍTULO
Título El mundo por dentro
Resto del título : comedia en tres actos y en verso /
Mención de responsabilidad, etc. original de Juan Rico y Amat.
260 ## - PUBLICACIÓN, DISTRIBUCIÓN, ETC.
Lugar de publicación, distribución, etc. Madrid :
Nombre del editor, distribuidor, etc. [s.n.],
Fecha de publicación, distribución, etc. 1863 (
Fabricante imprenta de José Rodriguez)
300 ## - DESCRIPCIÓN FÍSICA
Extensión 117 p. ;
Dimensiones 18 cm.
500 ## - NOTA GENERAL
Nota general En port.: Representada por primera vez en el Teatro del Príncipe el día 9 de noviembre de 1863.
500 ## - NOTA GENERAL
Nota general En verso de la port. consta: "... Galeria dramática y lírica titulada El Teatro ..."
852 ## - LOCALIZACIÓN
Ubicación ES-MaACL
Número de control de estantería F-8565(1)
Nota libre -- Enc. pasta española
-- -- Enc. en un vol. facticio formando parte de la col. facticia "Teatro español moderno", vol. 18
852 ## - LOCALIZACIÓN
Ubicación ES-MaACL
Número de control de estantería F-8565(3)
Nota libre .- Enc. pasta española
condición física .- Falto de la cub. original
Nota libre .- Enc. en un vol. facticio formando parte de la col. facticia "Teatro español moderno", vol. 18
Holdings
Estatus retirado Estado de pérdida Estado de daño No para préstamo Colección Biblioteca de origen Biblioteca actual Ubicación en estantería Fecha de adquisición Total de préstamos Signatura topográfica completa Código de barras Visto por última vez Precio de reemplazo Tipo de ítem Koha Fuente de adquisición
        Libros del s. XIX Biblioteca del Ateneo de Madrid Biblioteca del Ateneo de Madrid Sala Pecera Planta 2 17/01/2008   F-8565 (1) 1171348 23/02/2023 23/02/2023 Libro impreso antiguo  
        Libros del s. XIX Biblioteca del Ateneo de Madrid Biblioteca del Ateneo de Madrid Sala Pecera Planta 2 14/04/2009   F-8565(3) 1179336 23/02/2023 23/02/2023 Libro impreso antiguo